000 00698nam a2200205Ia 4500
003 IN-BaIIA
008 211028s9999 xx 000 0 eng d
020 _a0-937707-24-4
040 _cIIA Library
080 _a082.2:52
_bASP-7
245 0 _aProperties of hot luminous stars
_bBoulder-Munich workshop
_cedited by Catharine D. Dickens
260 _aSan Francisco
_bAstronomical Society of the Pacific
_c1990
300 _axx, 362p.
490 _aASP conference series; v. 7
650 _aAstronomy and Astrophysics Thesaurus
650 _aLuminous stars
_912101
650 _aSupergiant stars
_96992
700 _aGarmany, Catharine D., ed.
_916685
942 _cBK
999 _c9847
_d9847